000 00615nam a2200241Ia 4500
003 OSt
005 20221007071953.0
006 a|||||r|||| 00| 0
007 ta
008 221006b |||||||| |||| 00| 0 eng d
024 _a20,803
037 _cTextual
040 _aFLL
_cFLL
_beng
041 _2eng
_aeng
082 _aY:45:62, L8
100 _aRatanlal
245 0 _aCorrectional administration
260 _aLondon
_bMcGraw Hill England
_c1978
300 _a388p
_ccm.
700 _a Dhirajlal
942 _hY:45:62, L8
_cTEXL
_2CC
999 _c1144822
_d1144822